Dr. Kalaignar: (Record no. 19580)

MARC details
000 -LEADER
fixed length control field 00858nam a22002297a 4500
008 - FIXED-LENGTH DATA ELEMENTS--GENERAL INFORMATION
fixed length control field 081208t xxu||||| |||| 00| 0beng d
010 ## - LCCN (DPL NO)
LC control number ENG-92066
020 ## - INTERNATIONAL STANDARD BOOK NUMBER
Terms of availability 200.00
035 ## - SYSTEM CONTROL NUMBER
System control number EN-75599
037 ## - SOURCE OF ACQUISITION
Source of stock number/acquisition DBAD / PUB
040 ## - CATALOGING SOURCE
Original cataloging agency dpl
Language of cataloging English
082 ## - DEWEY DECIMAL CLASSIFICATION NUMBER
Classification number 921
100 ## - MAIN ENTRY--PERSONAL NAME
Personal name Damodaran, P.
245 ## - TITLE STATEMENT
Title Dr. Kalaignar:
Statement of responsibility, etc by P. Damodaran
Remainder of title the beacon light of the dravidians:the torch bearer of the Tamils /
260 ## - PUBLICATION, DISTRIBUTION, ETC. (IMPRINT)
Place of publication, distribution, etc Coimbatore
Name of publisher, distributor, etc Damodaran, P.
Date of publication, distribution, etc 2007
270 ## - ADDRESS
Address 80, GKD Nagar, P.N. Palayam
City Coimbatore
Postal code 641037
300 ## - PHYSICAL DESCRIPTION
Extent 290p.
Dimensions 20cm (pbk)
500 ## - GENERAL NOTE
General note Includes bibliographical references and index
600 ## - SUBJECT ADDED ENTRY--PERSONAL NAME
Personal name Kalaignar, Dr.
General subdivision Biography.
942 ## - ADDED ENTRY ELEMENTS (KOHA)
Source of classification or shelving scheme Dewey Decimal Classification
Item type English Books
Call number suffix KAL
Classification part 921
Holdings
Withdrawn status Lost status Source of classification or shelving scheme Damaged status Not for loan Collection code Home library Current library Date acquired Source of acquisition Cost, normal purchase price Total Checkouts Full call number Barcode Date last seen Copy number Cost, replacement price Koha item type
    Dewey Decimal Classification   Not For Loan Non-fiction D.B.Act.Division D.B.Act.Division 08/12/2008 DBAD / PUB 200.00   921 KAL EN-75599 08/12/2008 1 200.00 English Books

© Delhi Public Library
Hit Counter
free hit counter